000
00298nam a22000977a 4500
005
20250901165436.0
008
210401b ||||| |||| 00| 0 eng d
050
_a
HD58.8 .W56 1998
245
_a
Driving change
_b
how the best companies are preparing for the 21st century
_c
WIND, JERRY YORAM
942
_2
lcc
999
_c
4057
_d
4057